000 00751nam a2200277Ia 4500
003 OSt
005 20220912150438.0
006 a|||||r|||| 00| 0
007 ta
008 220909b |||||||| |||| 00| 0 eng d
024 _a36951
037 _cTextual
040 _aCSL
_beng
_cCSL
041 _aeng
082 _aE:3,E1, L4
100 _aSnyder L R
245 0 _aIntroduction to modern liquid chromatography
260 _aNew York
_b Wiley Interscience
_c1974
300 _axv, 534p.
_ccm.
500 _aAppendix I-W, 489-519p.
_ccm.
650 _a Liquid chromatography
650 _aChemistry
700 _a Kirkland J J
942 _hE:3,E1, L4
_cTEXL
_2CC
999 _c47474
_d47474